[Event "Rheinland Pfalz op Seniors 14th"]
[Site "Neustadt an der Weinstrasse"]
[Date "2016.07.19"]
[Round "4"]
[White "Lachat, Martin"]
[Black "Samarian, Cornel"]
[Result "1/2-1/2"]
[WhiteElo "1543"]
[BlackElo "1677"]
[PlyCount "39"]
[EventDate "2016.07.16"]
[EventType "swiss"]
[EventRounds "9"]
[EventCountry "GER"]
[SourceTitle "EXT 2019"]
[Source "ChessBase"]
[SourceDate "2018.10.10"]
[SourceVersion "1"]
[SourceVersionDate "2018.10.10"]
[SourceQuality "1"]

1. c4 c5 2. Nc3 Nc6 3. Nf3 g6 4. d4 cxd4 5. Nxd4 Bg7 6. e3 a6 7. Be2 Nf6 8. 0-0 0-0 9. Nxc6 dxc6 10. Qxd8 Rxd8 11. Bf3 e5 12. e4 h6 13. Be3 Be6 14. b3 Nd7 15. Rad1 Bf8 16. Be2 Bg7 17. Rd6 Bf8 18. Rdd1 Bg7 19. Rd6 Bf8 20. Rdd1 1/2-1/2

[Event "Rheinland Pfalz op Seniors 14th"]
[Site "Neustadt an der Weinstrasse"]
[Date "2016.07.18"]
[Round "3"]
[White "Samarian, Cornel"]
[Black "Reimer, Karl"]
[Result "0-1"]
[WhiteElo "1677"]
[BlackElo "1503"]
[PlyCount "90"]
[EventDate "2016.07.16"]
[EventType "swiss"]
[EventRounds "9"]
[EventCountry "GER"]
[SourceTitle "EXT 2019"]
[Source "ChessBase"]
[SourceDate "2018.10.10"]
[SourceVersion "1"]
[SourceVersionDate "2018.10.10"]
[SourceQuality "1"]

1. d4 Nf6 2. c4 c5 3. d5 b5 4. cxb5 a6 5. bxa6 Bxa6 6. b3 g6 7. Bb2 Bg7 8. Nf3 0-0 9. g3 Qb6 10. Bg2 d6 11. 0-0 Nbd7 12. Nc3 Rfb8 13. Rb1 Qb7 14. Re1 Qc7 15. Qc2 Nb6 16. Nd2 Qd7 17. e4 Ng4 18. Nf3 Qc8 19. h3 Ne5 20. Nxe5 Bxe5 21. Ne2 Nd7 22. f4 Bxb2 23. Rxb2 Qc7 24. Rc1 Qa5 25. Nc3 Qb4 26. Rd1 Nb6 27. Kh2 Nc4 28. a3 Qb7 29. Rdb1 Nxa3 30. Qd1 Nxb1 31. Qxb1 Qb4 32. Na2 Qd4 33. Nc1 Qd1 34. e5 Ra7 35. Be4 Bc8 36. g4 Rba8 37. Qc2 Qxc2+ 38. Bxc2 Ra1 39. Bb1 Bb7 40. Kg3 Bxd5 41. h4 Rb8 42. g5 Be6 43. Kf3 d5 44. Ke3 d4+ 45. Kd2 c4 0-1

[Event "Rheinland Pfalz op Seniors 14th"]
[Site "Neustadt an der Weinstrasse"]
[Date "2016.07.17"]
[Round "2"]
[White "Walther, Gerd"]
[Black "Samarian, Cornel"]
[Result "1-0"]
[WhiteElo "1957"]
[BlackElo "1677"]
[PlyCount "53"]
[EventDate "2016.07.16"]
[EventType "swiss"]
[EventRounds "9"]
[EventCountry "GER"]
[SourceTitle "EXT 2019"]
[Source "ChessBase"]
[SourceDate "2018.10.10"]
[SourceVersion "1"]
[SourceVersionDate "2018.10.10"]
[SourceQuality "1"]

1. d4 Nf6 2. Nf3 d5 3. Bg5 e6 4. e3 Be7 5. Nbd2 Nbd7 6. Bd3 0-0 7. 0-0 b6 8. Ne5 Nxe5 9. dxe5 Nd7 10. Bxe7 Qxe7 11. f4 Nc5 12. Be2 Bb7 13. c3 a5 14. Qc2 Ne4 15. Bd3 Nxd2 16. Qxd2 g6 17. Qe2 f5 18. Rac1 c5 19. Qf2 Ba6 20. Bxa6 Rxa6 21. Qe2 c4 22. g4 fxg4 23. Qxg4 Rf5 24. Rf3 Ra7 25. Rg3 Rd7 26. h4 Rh5 27. Qxh5 1-0

[Event "Bad Woerishofen Seniors op 32nd"]
[Site "Bad Woerishofen"]
[Date "2016.03.04"]
[Round "8"]
[White "Wraga, Hermann"]
[Black "Samarian, Cornel"]
[Result "1/2-1/2"]
[WhiteElo "1667"]
[BlackElo "1693"]
[PlyCount "40"]
[EventDate "2016.02.26"]
[EventType "swiss"]
[EventRounds "9"]
[EventCountry "GER"]
[SourceTitle "EXT 2019"]
[Source "ChessBase"]
[SourceDate "2018.10.10"]
[SourceVersion "1"]
[SourceVersionDate "2018.10.10"]
[SourceQuality "1"]

1. e4 b6 2. d3 e6 3. Nd2 Nc6 4. g3 Bb7 5. Bg2 d6 6. Ngf3 Be7 7. 0-0 e5 8. Re1 Qd7 9. c3 0-0-0 10. Qc2 Bf6 11. Nb3 Kb8 12. a4 a5 13. Be3 Nge7 14. d4 exd4 15. Nfxd4 Nc8 16. Nb5 Rhe8 17. Rad1 N8a7 18. Nxa7 Nxa7 19. Nd4 g6 20. b3 Nc6 1/2-1/2

[Event "Hessen-ch Seniors op 11th"]
[Site "Bad Sooden-Allendorf"]
[Date "2015.05.13"]
[Round "5"]
[White "Samarian, Cornel"]
[Black "Hoffmann, Erich"]
[Result "1/2-1/2"]
[WhiteElo "1720"]
[BlackElo "1870"]
[PlyCount "75"]
[EventDate "2015.05.09"]
[EventType "swiss"]
[EventRounds "9"]
[EventCountry "GER"]
[SourceTitle "EXT 2018"]
[Source "ChessBase"]
[SourceDate "2017.10.13"]
[SourceVersion "1"]
[SourceVersionDate "2017.10.13"]
[SourceQuality "1"]

1. d4 Nf6 2. Nf3 d5 3. c4 c6 4. a4 g6 5. e3 Bg7 6. Nc3 Na6 7. Qb3 0-0 8. Be2 Nc7 9. 0-0 Nfe8 10. c5 f5 11. Qd1 Nf6 12. Ne5 Nd7 13. Nxd7 Bxd7 14. f4 Ne8 15. Bd2 Nf6 16. Be1 Qc8 17. Bh4 Re8 18. b4 a6 19. Rb1 Ng4 20. Qd2 Nf6 21. Bf3 Ne4 22. Qc2 Nxc3 23. Qxc3 e6 24. Be2 Qc7 25. g4 b5 26. cxb6 Qxb6 27. a5 Qb7 28. Rb2 Kf7 29. g5 Bf8 30. Rfb1 Bd6 31. Bg3 Rh8 32. Bf3 h6 33. gxh6 Rxh6 34. Rg2 Rb8 35. Rgb2 Be7 36. Qe1 Rbh8 37. Rg2 Rb8 38. Rgb2 1/2-1/2

[Event "Hessen-ch Seniors op 11th"]
[Site "Bad Sooden-Allendorf"]
[Date "2015.05.11"]
[Round "3"]
[White "Samarian, Cornel"]
[Black "Geibel, Henning"]
[Result "1-0"]
[WhiteElo "1720"]
[BlackElo "1476"]
[PlyCount "97"]
[EventDate "2015.05.09"]
[EventType "swiss"]
[EventRounds "9"]
[EventCountry "GER"]
[SourceTitle "EXT 2018"]
[Source "ChessBase"]
[SourceDate "2017.10.13"]
[SourceVersion "1"]
[SourceVersionDate "2017.10.13"]
[SourceQuality "1"]

1. Nf3 d5 2. g3 Bf5 3. d3 e6 4. Bg2 Nf6 5. 0-0 Nc6 6. b3 Bd6 7. Bb2 0-0 8. Nbd2 d4 9. Nxd4 Be5 10. Nxc6 bxc6 11. Bxe5 Nd5 12. c4 Ne7 13. Bb2 Qd7 14. Ba3 Rfe8 15. Nf3 Ng6 16. Qc2 e5 17. e4 Bh3 18. Ne1 Bxg2 19. Nxg2 Red8 20. Rad1 Qd4 21. Bb2 Qc5 22. Bc1 Rd6 23. Be3 Qa5 24. Rd2 c5 25. f4 f6 26. f5 Ne7 27. g4 Nc6 28. Rfd1 Nb4 29. Qb1 Ra6 30. a4 Nc6 31. Kf2 Rb8 32. Rb2 Rab6 33. Bd2 Qa6 34. Be3 Qa5 35. Ne1 Nd4 36. Bxd4 cxd4 37. Ke2 Qa6 38. Qa2 c5 39. Nc2 Qc8 40. Rdb1 a5 41. Na3 Qe8 42. h3 h5 43. Nb5 hxg4 44. hxg4 Kf7 45. Rh1 Qg8 46. Kf3 g6 47. Rbh2 gxf5 48. Rh7+ Ke6 49. gxf5# 1-0

[Event "GER-chB Seniors 26th"]
[Site "Bad Neuenahr"]
[Date "2014.08.11"]
[Round "7"]
[White "Samarian, Cornel"]
[Black "Goldinger, Josef"]
[Result "1/2-1/2"]
[WhiteElo "1738"]
[BlackElo "1909"]
[PlyCount "70"]
[EventDate "2014.08.05"]
[EventType "swiss"]
[EventRounds "9"]
[EventCountry "GER"]
[SourceTitle "EXT 2018"]
[Source "ChessBase"]
[SourceDate "2017.10.13"]
[SourceVersion "1"]
[SourceVersionDate "2017.10.13"]
[SourceQuality "1"]

1. Nf3 Nf6 2. c4 g6 3. g3 Bg7 4. Bg2 c6 5. 0-0 d6 6. Nc3 0-0 7. d4 Nbd7 8. Bd2 a6 9. a4 e5 10. dxe5 Nxe5 11. Nxe5 dxe5 12. e4 Be6 13. Qe2 Qc7 14. Rfd1 Rad8 15. Be3 Rxd1+ 16. Rxd1 Rd8 17. Rxd8+ Qxd8 18. f3 Nd7 19. Bf1 Bf8 20. Qf2 Qa5 21. Kg2 Qb4 22. Qe2 Bc5 23. Bxc5 Nxc5 24. g4 Nxa4 25. Nxa4 Qxa4 26. Qd3 Qb4 27. b3 b5 28. Qd8+ Qf8 29. Qb6 bxc4 30. bxc4 Qa8 31. Qa5 f6 32. g5 Kg7 33. Qc7+ Bf7 34. gxf6+ Kxf6 35. Qd6+ Be6 1/2-1/2

[Event "GER-chB Seniors 26th"]
[Site "Bad Neuenahr"]
[Date "2014.08.08"]
[Round "4"]
[White "Schumacher, Ursula"]
[Black "Samarian, Cornel"]
[Result "1/2-1/2"]
[WhiteElo "1641"]
[BlackElo "1738"]
[PlyCount "77"]
[EventDate "2014.08.05"]
[EventType "swiss"]
[EventRounds "9"]
[EventCountry "GER"]
[SourceTitle "EXT 2018"]
[Source "ChessBase"]
[SourceDate "2017.10.13"]
[SourceVersion "1"]
[SourceVersionDate "2017.10.13"]
[SourceQuality "1"]

1. c4 Nf6 2. Nc3 c6 3. Nf3 g6 4. g3 Bg7 5. Bg2 d6 6. 0-0 0-0 7. d4 Nbd7 8. e3 h6 9. b3 d5 10. c5 Re8 11. Re1 e5 12. b4 e4 13. Nd2 b5 14. a4 bxa4 15. Rxa4 Bb7 16. b5 a6 17. b6 Rc8 18. Nb3 Nb8 19. Na5 Qd7 20. f3 Re7 21. Ne2 Rce8 22. Nf4 Qd8 23. Rb4 exf3 24. Bxf3 g5 25. Nd3 Ne4 26. Bxe4 dxe4 27. Nf2 Qd5 28. Nxb7 Rxb7 29. Qa4 h5 30. Rf1 Rf8 31. Kg2 f5 32. Nh3 Bf6 33. Bd2 Kg7 34. Qb3 Qxb3 35. Rxb3 Kg6 36. Nf2 g4 37. h3 Rd8 38. h4 Rbd7 39. Bc3 1/2-1/2

[Event "Bad Woerishofen Seniors op 30th"]
[Site "Bad Woerishofen"]
[Date "2014.03.21"]
[Round "1"]
[White "Samarian, Cornel"]
[Black "Di Lazzaro, Gabriele"]
[Result "0-1"]
[WhiteElo "1747"]
[BlackElo "1936"]
[PlyCount "82"]
[EventDate "2014.03.21"]
[EventType "swiss"]
[EventRounds "9"]
[EventCountry "GER"]
[SourceTitle "EXT 2019"]
[Source "ChessBase"]
[SourceDate "2018.10.10"]
[SourceVersion "1"]
[SourceVersionDate "2018.10.10"]
[SourceQuality "1"]

1. Nf3 d5 2. d4 Bg4 3. e3 Nf6 4. h3 Bh5 5. Be2 e6 6. Nbd2 Bd6 7. 0-0 0-0 8. Ne1 Bxe2 9. Qxe2 c6 10. a3 Nbd7 11. c3 e5 12. dxe5 Nxe5 13. Nef3 Re8 14. b4 Nxf3+ 15. Nxf3 Ne4 16. Bb2 Bc7 17. c4 Qd6 18. g3 Qh6 19. Kg2 Rad8 20. Rad1 Re6 21. cxd5 cxd5 22. Rh1 Rde8 23. Bd4 a6 24. Rc1 Bb8 25. Qa2 Rd8 26. Rc2 Ree8 27. Rhc1 Qg6 28. g4 h5 29. Nh4 Qg5 30. Nf3 Qh6 31. Rh1 h4 32. Ne1 Qd6 33. f4 g5 34. Nd3 Ng3 35. Be5 Qe7 36. Re1 f6 37. Bxb8 Qe4+ 38. Kf2 Qxd3 39. Rd2 Ne4+ 40. Kg1 Nxd2 41. Rd1 Nf3+ 0-1

[Event "Hessen-ch Seniors op 09th"]
[Site "Bad Sooden-Allendorf"]
[Date "2013.04.25"]
[Round "6"]
[White "Samarian, Cornel"]
[Black "Merettig, Georg"]
[Result "1/2-1/2"]
[WhiteElo "1784"]
[BlackElo "1894"]
[PlyCount "65"]
[EventDate "2013.04.20"]
[EventType "swiss"]
[EventRounds "9"]
[EventCountry "GER"]
[SourceTitle "EXT 2019"]
[Source "ChessBase"]
[SourceDate "2018.10.10"]
[SourceVersion "1"]
[SourceVersionDate "2018.10.10"]
[SourceQuality "1"]

1. c4 Nc6 2. Nc3 f5 3. d4 e5 4. dxe5 Nxe5 5. e3 Nf6 6. h3 b6 7. Nf3 Ng6 8. Qc2 Bb4 9. Bd2 0-0 10. 0-0-0 Bb7 11. Be2 c6 12. Rhg1 Bxc3 13. Bxc3 Ne4 14. Be1 d5 15. Nd2 Nd6 16. cxd5 cxd5 17. Kb1 a5 18. Nf3 a4 19. Bb4 Qd7 20. Nd4 Rfc8 21. Qd3 Ne5 22. Qa3 Ndc4 23. Bxc4 Nxc4 24. Qc3 a3 25. b3 Nb2 26. Qd2 Nxd1 27. Rxd1 Qe8 28. f3 Qg6 29. Ka1 Re8 30. f4 Rac8 31. Bxa3 Re4 32. Re1 Qg3 33. Nxf5 1/2-1/2

[Event "Hessen-ch Seniors op 09th"]
[Site "Bad Sooden-Allendorf"]
[Date "2013.04.24"]
[Round "5"]
[White "Samarian, Cornel"]
[Black "Peleikis, Horst"]
[Result "0-1"]
[WhiteElo "1784"]
[BlackElo "2070"]
[PlyCount "104"]
[EventDate "2013.04.20"]
[EventType "swiss"]
[EventRounds "9"]
[EventCountry "GER"]
[SourceTitle "EXT 2019"]
[Source "ChessBase"]
[SourceDate "2018.10.10"]
[SourceVersion "1"]
[SourceVersionDate "2018.10.10"]
[SourceQuality "1"]

1. c4 c5 2. Nf3 Nc6 3. Nc3 g6 4. e4 Bg7 5. Be2 Nh6 6. h3 d6 7. d3 f5 8. Qc2 Nf7 9. Be3 0-0 10. Qd2 Nd4 11. 0-0 Bd7 12. Rab1 e5 13. Bxd4 cxd4 14. Nd5 f4 15. Kh2 Bh6 16. Qe1 Ng5 17. Nxg5 Qxg5 18. f3 Qd8 19. Rh1 Bg5 20. Kg1 Bh4 21. Qd2 Rf7 22. b3 Rb8 23. a4 b6 24. Rb2 a6 25. Bd1 b5 26. a5 bxc4 27. dxc4 Bc8 28. b4 Bb7 29. Nb6 Kg7 30. Kf1 Qg5 31. Bc2 h5 32. Rg1 Qd8 33. Rb3 Rc7 34. Bd3 g5 35. Be2 Bc8 36. Bd1 Be6 37. Be2 Rc6 38. Rb2 Rbxb6 39. axb6 Qxb6 40. Qc1 Kf6 41. Bd3 Qc7 42. Rc2 g4 43. hxg4 hxg4 44. Rh1 Bg5 45. Ke2 Qb7 46. Qb1 Kg6 47. Kd2 Be7 48. Rhc1 Rb6 49. Rb2 g3 50. Rcc2 Qb8 51. Ke2 Qh8 52. Kd2 Bd7 0-1

[Event "Bad Woerishofen Seniors op 28th"]
[Site "Bad Woerishofen"]
[Date "2012.03.07"]
[Round "6.48"]
[White "Samarian, Cornel"]
[Black "Hansch, Klaus Michael"]
[Result "1/2-1/2"]
[WhiteElo "1560"]
[BlackElo "1738"]
[PlyCount "52"]
[EventDate "2012.03.02"]
[EventType "swiss"]
[EventRounds "9"]
[EventCountry "GER"]
[SourceTitle "EXT 2022"]
[Source "ChessBase"]
[SourceDate "2021.10.06"]
[SourceVersion "1"]
[SourceVersionDate "2021.10.06"]
[SourceQuality "1"]

1. d4 Nf6 2. c4 c5 3. e3 d5 4. cxd5 Nxd5 5. Nf3 cxd4 6. exd4 Nc6 7. a3 Bg4 8. Be2 e6 9. 0-0 Bd6 10. g3 0-0 11. Be3 Qa5 12. Nbd2 Nxe3 13. fxe3 Qh5 14. Rf2 Ne7 15. Nf1 Rfc8 16. Rc1 Rxc1 17. Qxc1 Rc8 18. Qd2 Qd5 19. Ne1 Bxe2 20. Rxe2 e5 21. dxe5 Qxe5 22. Nd3 Qb5 23. Re1 Nc6 24. Rc1 Rd8 25. Qc3 Bxa3 26. Qxa3 Qxd3 1/2-1/2

[Event "Bad Woerishofen Seniors op 28th"]
[Site "Bad Woerishofen"]
[Date "2012.03.05"]
[Round "4.43"]
[White "Samarian, Cornel"]
[Black "Blosze, Winfried"]
[Result "1/2-1/2"]
[WhiteElo "1560"]
[BlackElo "1697"]
[PlyCount "72"]
[EventDate "2012.03.02"]
[EventType "swiss"]
[EventRounds "9"]
[EventCountry "GER"]
[SourceTitle "EXT 2022"]
[Source "ChessBase"]
[SourceDate "2021.10.06"]
[SourceVersion "1"]
[SourceVersionDate "2021.10.06"]
[SourceQuality "1"]

1. d4 Nf6 2. c4 g6 3. Nf3 Bg7 4. Nc3 d5 5. e3 0-0 6. Bd3 c5 7. cxd5 Nxd5 8. 0-0 cxd4 9. Nxd5 Qxd5 10. e4 Qc5 11. Bd2 Qb6 12. b3 Nc6 13. Rc1 Bg4 14. h3 Bxf3 15. Qxf3 Ne5 16. Qe2 Nxd3 17. Qxd3 Rac8 18. a4 e5 19. b4 Rc6 20. b5 Rcc8 21. Rc4 Qe6 22. Rfc1 Rxc4 23. Qxc4 Qxc4 24. Rxc4 b6 25. f3 Ra8 26. a5 Bf8 27. a6 Bc5 28. Kf1 f5 29. Ke2 fxe4 30. fxe4 Kg7 31. Kd3 Rd8 32. Be1 Kf6 33. Rc2 Ke6 34. Ra2 Rd7 35. Rb2 Rc7 36. Rf2 Rc8 1/2-1/2

[Event "Niedersachsen-ch Seniors op 14th"]
[Site "Bad Bevensen"]
[Date "2011.07.05"]
[Round "1"]
[White "Gerhardt, Peter Michael"]
[Black "Samarian, Cornel"]
[Result "1/2-1/2"]
[WhiteElo "1911"]
[BlackElo "1650"]
[PlyCount "54"]
[EventDate "2011.07.05"]
[EventType "swiss"]
[EventRounds "9"]
[EventCountry "GER"]
[SourceTitle "EXT 2012"]
[Source "ChessBase"]
[SourceDate "2011.11.24"]
[SourceVersion "1"]
[SourceVersionDate "2011.11.24"]
[SourceQuality "1"]

1. d4 Nf6 2. c4 e6 3. a3 Be7 4. Nc3 d5 5. Nf3 0-0 6. Bg5 h6 7. Bh4 Nbd7 8. e3 c5 9. Bd3 b6 10. 0-0 Bb7 11. Qe2 Ne4 12. Bxe7 Nxc3 13. Bxd8 Nxe2+ 14. Bxe2 Raxd8 15. cxd5 Bxd5 16. Rac1 cxd4 17. Nxd4 Nc5 18. b4 Nb3 19. Nxb3 Bxb3 20. Rc7 a5 21. Bc4 Bxc4 22. Rxc4 axb4 23. Rxb4 Rd3 24. Ra1 Rfd8 25. g3 Rd1+ 26. Rxd1 Rxd1+ 27. Kg2 Rd6 1/2-1/2

[Event "Hessen-ch Seniors op 07th"]
[Site "Bad Sooden-Allendorf"]
[Date "2011.05.06"]
[Round "7"]
[White "Samarian, Cornel"]
[Black "Mertens, Gottfried"]
[Result "1/2-1/2"]
[WhiteElo "1575"]
[BlackElo "1750"]
[PlyCount "96"]
[EventDate "2011.04.30"]
[EventType "swiss"]
[EventRounds "9"]
[EventCountry "GER"]
[SourceTitle "EXT 2012"]
[Source "ChessBase"]
[SourceDate "2011.11.24"]
[SourceVersion "1"]
[SourceVersionDate "2011.11.24"]
[SourceQuality "1"]

1. d4 e6 2. c4 f5 3. Nf3 Nf6 4. Nc3 Bb4 5. Bd2 0-0 6. Qc2 d6 7. e3 Qe8 8. a3 Bxc3 9. Bxc3 Ne4 10. 0-0-0 Nxc3 11. Qxc3 Nd7 12. Bd3 Nf6 13. Qc2 Bd7 14. Nd2 b5 15. cxb5 Bxb5 16. Bxb5 Qxb5 17. Qc4 Qd7 18. Kb1 Rfb8 19. Ka2 Rb7 20. Rb1 Rab8 21. h3 d5 22. Qd3 Qb5 23. Qxb5 Rxb5 24. Rhc1 R8b7 25. b4 Kf7 26. Rc5 Ne8 27. Rxb5 Rxb5 28. Rc1 Ke7 29. Kb3 Rb7 30. Nf3 a5 31. Rc5 axb4 32. axb4 Ra7 33. Ra5 Rb7 34. Ne5 Nd6 35. Ra2 Nf7 36. Nd3 Nd6 37. Nc5 Rb8 38. Ra6 Rb6 39. Ra7 Ne8 40. Nd3 g5 41. g4 fxg4 42. hxg4 Rb8 43. Ne5 Rc8 44. Ra1 Nf6 45. f3 Rh8 46. Rh1 Ra8 47. Rc1 Ne8 48. Rh1 Nf6 1/2-1/2

[Event "Hessen-ch Seniors op 07th"]
[Site "Bad Sooden-Allendorf"]
[Date "2011.05.03"]
[Round "4"]
[White "Ludwig, Siegfried"]
[Black "Samarian, Cornel"]
[Result "0-1"]
[WhiteElo "1489"]
[BlackElo "1575"]
[PlyCount "79"]
[EventDate "2011.04.30"]
[EventType "swiss"]
[EventRounds "9"]
[EventCountry "GER"]
[SourceTitle "EXT 2012"]
[Source "ChessBase"]
[SourceDate "2011.11.24"]
[SourceVersion "1"]
[SourceVersionDate "2011.11.24"]
[SourceQuality "1"]

1. e4 e5 2. Nf3 Nc6 3. Nc3 Nf6 4. d4 Nxd4 5. Nxd4 exd4 6. Qxd4 d6 7. Bg5 Be7 8. Bd3 0-0 9. h3 Bd7 10. Qe3 c6 11. Qf3 Ne8 12. Bxe7 Qxe7 13. 0-0-0 Qf6 14. Qe3 g6 15. f4 Ng7 16. Rhf1 b6 17. Rf3 Rfe8 18. Qf2 Qe7 19. g4 f5 20. Bc4+ Be6 21. Qd4 fxg4 22. hxg4 d5 23. exd5 c5 24. Qe5 Bf7 25. Qxe7 Rxe7 26. d6 Rd7 27. Bb5 Rdd8 28. Re3 Ne6 29. d7 Nd4 30. a4 a6 31. Bxa6 Rxd7 32. Ne4 Kg7 33. Bb5 Rdd8 34. Red3 Ne2+ 35. Kb1 Rxd3 36. Rxd3 Nd4 37. Nd6 Nxb5 38. Nxb5 Be8 39. f5 gxf5 40. gxf5 0-1

[Event "Hessen-ch Seniors op 07th"]
[Site "Bad Sooden-Allendorf"]
[Date "2011.05.02"]
[Round "3"]
[White "Samarian, Cornel"]
[Black "Koehler, Marianne"]
[Result "1/2-1/2"]
[WhiteElo "1575"]
[BlackElo "1374"]
[PlyCount "87"]
[EventDate "2011.04.30"]
[EventType "swiss"]
[EventRounds "9"]
[EventCountry "GER"]
[SourceTitle "EXT 2012"]
[Source "ChessBase"]
[SourceDate "2011.11.24"]
[SourceVersion "1"]
[SourceVersionDate "2011.11.24"]
[SourceQuality "1"]

1. d4 g6 2. Nf3 Bg7 3. c4 d6 4. Nc3 Nd7 5. e4 f6 6. Bd3 Nh6 7. 0-0 0-0 8. h3 Nf7 9. Be3 e5 10. Qc2 Ng5 11. Nh2 Nf7 12. Rae1 a6 13. a4 exd4 14. Bxd4 Nde5 15. Be2 Be6 16. b3 Nc6 17. Be3 Qc8 18. Nd5 Bxd5 19. exd5 Nb4 20. Qd2 a5 21. Ng4 f5 22. Nh6+ Nxh6 23. Bxh6 Qd7 24. Bxg7 Qxg7 25. Bd1 Rfe8 26. Re6 Rxe6 27. dxe6 Re8 28. Re1 Re7 29. Bf3 b6 30. g3 Qf6 31. Kg2 Na6 32. Bd5 Kg7 33. Re3 Nc5 34. Qc3 Qxc3 35. Rxc3 Nxe6 36. Re3 Kf6 37. Bxe6 Rxe6 38. Rd3 Re5 39. f4 Re6 40. Kf3 h6 41. g4 fxg4+ 42. hxg4 Re1 43. Kf2 Re7 44. Kf3 1/2-1/2